| 000 | 00579nam a22001697a 4500 | ||
|---|---|---|---|
| 005 | 20251108164818.0 | ||
| 008 | 250721s1994 xx 000 0 ara d | ||
| 082 | 1 | 4 | _a616.12/نوب |
| 100 | 1 | _aبسطامي، ريم فلاح | |
| 245 | 1 | 0 |
_aالنوبة القلبية : _bإرشادات من أجل صحة أفضل / |
| 264 | 1 |
_aعمان : _bالجامعة الأردنية -عمادة البحث العلمي، _c1994. |
|
| 300 | _a106 ص | ||
| 490 | 0 | _aارشادات من اجل صحه افضل | |
| 650 | 1 | 7 | _aأمراض القلب |
| 942 |
_2ddc _cBK |
||
| 999 |
_c14974 _d14974 |
||